|
|
|
|
| LEADER |
00000cam a2200000 4500 |
| 001 |
vtls012022936 |
| 003 |
SK-MaSNL |
| 005 |
20260331212056.0 |
| 008 |
210413s2021 xo f l 001 0 slo |
| 015 |
|
|
|a SNBI2021
|
| 020 |
|
|
|a 9788089603961
|q (viazané)
|
| 040 |
|
|
|a SNK
|b slo
|c SNK
|e rda
|
| 041 |
0 |
|
|a slo
|
| 043 |
|
|
|a e-xo---
|
| 044 |
|
|
|a xo
|c SK
|
| 072 |
|
7 |
|a 347
|x Súkromné právo
|2 konspekt
|
| 080 |
|
|
|a 347.235
|2 2011
|
| 080 |
|
|
|a (437.6)
|2 2011
|
| 080 |
|
|
|a (094.5)
|2 2011
|
| 080 |
|
|
|a (0.072)
|2 2011
|
| 100 |
1 |
|
|a Fečík, Marián
|4 cwt
|9 351551
|
| 245 |
1 |
0 |
|a Katastrálny zákon
|b komentár
|c Marián Fečík, Róbert Jakubáč
|
| 250 |
|
|
|a 1. vydanie
|
| 264 |
|
1 |
|a V Bratislave
|b C.H. Beck
|c 2021
|
| 300 |
|
|
|a xvi, 1099 strán
|c 23 cm
|
| 336 |
|
|
|a text
|b txt
|2 rdacontent
|
| 337 |
|
|
|a bez média
|b n
|2 rdamedia
|
| 338 |
|
|
|a zväzok
|b nc
|2 rdacarrier
|
| 490 |
1 |
|
|a Beckova edícia komentované zákony
|
| 500 |
|
|
|a Obsahuje zoznam skratiek právnych predpisov
|
| 504 |
|
|
|a Obsahuje bibliografické odkazy ; vecný register
|
| 650 |
0 |
7 |
|a kataster nehnuteľností
|2 SNKPH
|9 2235
|
| 650 |
0 |
7 |
|a Cadastres
|2 SNKPHeng
|9 266966
|
| 651 |
|
7 |
|a Slovensko
|2 SNKPH
|9 14231
|
| 651 |
|
7 |
|a Slovakia
|2 SNKPHeng
|9 92630
|
| 655 |
|
7 |
|a zákony
|2 SNKPH
|9 70186
|
| 655 |
|
7 |
|a komentáre
|2 SNKPH
|9 70412
|
| 655 |
|
7 |
|a Laws
|2 SNKPHeng
|9 266957
|
| 655 |
|
7 |
|a Commentaries
|2 SNKPHeng
|9 275605
|
| 700 |
1 |
|
|a Jakubáč, Róbert
|4 cwt
|9 336455
|
| 710 |
1 |
2 |
|a Slovensko.
|t Katastrálny zákon (1995, novela 2019)
|9 624692
|
| 752 |
|
|
|a Slovensko
|d Bratislava
|
| 830 |
|
0 |
|a Beckova edice komentované zákony
|9 342140
|
| 852 |
|
|
|a Štátna vedecká knižnica v Banskej Bystrici
|
| 919 |
|
|
|a 978-80-89603-96-1
|
| 958 |
|
|
|a NB
|
| 999 |
|
|
|c 1163772
|d 1165702
|
| 952 |
|
|
|a SNK
|b SNK
|y PREZ
|7 0
|p 17A1460085
|o snkSC 194693
|i snk2021/14980
|8 0
|0 0
|1 0
|4 0
|d 2021-10-08
|f 1
|l 0
|r 2025-10-14 00:00:00
|w 2026-02-24
|
| 952 |
|
|
|a SNK
|b SNK
|y VYP
|7 0
|p 17A1460086
|o snkSC 194693 D1
|i snk2021/14981
|8 0
|0 0
|1 0
|4 0
|d 2021-10-08
|l 1
|m 1
|r 2026-04-13 14:26:09
|s 2026-02-28
|w 2026-02-24
|